000 00484pab a2200181 454500
008 180718b2009 xxu||||| |||| 00| 0 eng d
100 _aMazumdar, Dipak
245 _aThe employment problem in India and the phenomenon of the `missing middle'
260 _c2009
300 _ap.43-55.
362 _aJan-Mar
650 _aEmployment - India
650 _aEmployment
700 _aSarkar, Sandip
773 _aIndian Journal of Labour Economics
908 _aN
909 _a84110
999 _c84110
_d84110